|
|
|
|
| LEADER |
00858naa a2200253 i 4500 |
| 001 |
publ30221 |
| 005 |
20240522122731.0 |
| 008 |
240522s2010 hu o 000 eng d |
| 020 |
|
|
|a 9783869554280
|
| 024 |
7 |
|
|a 2900261
|2 mtmt
|
| 040 |
|
|
|a SZTE Publicatio Repozitórium
|b hun
|
| 041 |
|
|
|a eng
|
| 100 |
1 |
|
|a Farkas Gabriella
|
| 245 |
1 |
0 |
|a Preliminary studies on co-crystal formation
|h [elektronikus dokumentum] /
|c Farkas Gabriella
|
| 260 |
|
|
|a Cuvillier Verlag
|b Göttingen
|c 2010
|
| 300 |
|
|
|a 9
|
| 300 |
|
|
|a 150-158
|
| 490 |
0 |
|
|a 17th International Workshop on Industrial Crystallization
|
| 650 |
|
4 |
|a Kémiai tudományok
|
| 650 |
|
4 |
|a Általános orvostudomány
|
| 700 |
0 |
1 |
|a Berkesi Ottó
|e aut
|
| 700 |
0 |
1 |
|a Révész Piroska
|e aut
|
| 700 |
0 |
1 |
|a Aigner Zoltán
|e aut
|
| 856 |
4 |
0 |
|u http://publicatio.bibl.u-szeged.hu/30221/1/aok_klny_525_10.pdf
|z Dokumentum-elérés
|